Homenaje al Libertador / (Registro nro. 15382)
[ vista simple ]
| 000 -LEADER | |
|---|---|
| fixed length control field | 00945nam a22002297a 4500 |
| 003 - CONTROL NUMBER IDENTIFIER | |
| control field | OSt |
| 005 - DATE AND TIME OF LATEST TRANSACTION | |
| control field | 20210315150112.0 |
| 008 - FIXED-LENGTH DATA ELEMENTS--GENERAL INFORMATION | |
| fixed length control field | 210315s2016 ck ahc|gr|||| 00| 0 spa d |
| 020 ## - INTERNATIONAL STANDARD BOOK NUMBER | |
| International Standard Book Number | 9789588795188 |
| 040 ## - CATALOGING SOURCE | |
| Original cataloging agency | CO-JMCR |
| Transcribing agency | CO-JMCR |
| 041 0# - LANGUAGE CODE | |
| Language code of text/sound track or separate title | spa |
| 082 04 - DEWEY DECIMAL CLASSIFICATION NUMBER | |
| Classification number | 923.587 / |
| Item number | U588h |
| Edition number | 23 |
| 110 2# - MAIN ENTRY--CORPORATE NAME | |
| Corporate name or jurisdiction name as entry element | Universidad Militar Nueva Granada |
| 9 (RLIN) | 36113 |
| 245 10 - TITLE STATEMENT | |
| Title | Homenaje al Libertador / |
| Statement of responsibility, etc. | Universidad Militar Nueva Granada |
| 260 ## - PUBLICATION, DISTRIBUTION, ETC. | |
| Place of publication, distribution, etc. | Bogotá : |
| Name of publisher, distributor, etc. | Universidad Militar Nueva Granada, |
| Date of publication, distribution, etc. | 2016 |
| 300 ## - PHYSICAL DESCRIPTION | |
| Extent | 57 páginas : |
| Other physical details | ilustraciones, facsímil y retratos a color ; |
| Dimensions | 32 cm. |
| 505 0# - FORMATTED CONTENTS NOTE | |
| Formatted contents note | Homenaje al Libertados -- Bolivar -Por Juana de Ibarbourou -- La carta de Jamaíca -- Juramento-Por Jorge Rojas -- Última proclama |
| 600 14 - SUBJECT ADDED ENTRY--PERSONAL NAME | |
| Personal name | Bolívar, Simón, |
| Dates associated with a name | 1783-1830 |
| General subdivision | Pensamiento político |
| 9 (RLIN) | 11686 |
| 600 14 - SUBJECT ADDED ENTRY--PERSONAL NAME | |
| Personal name | Bolívar, Simón, |
| Dates associated with a name | 1783-1830 |
| General subdivision | Homenajes póstumos |
| 9 (RLIN) | 36114 |
| 650 14 - SUBJECT ADDED ENTRY--TOPICAL TERM | |
| Source of heading or term | Militares |
| Form subdivision | Biografías |
| Geographic subdivision | Venezuela |
| 9 (RLIN) | 36115 |
| 942 ## - ADDED ENTRY ELEMENTS (KOHA) | |
| Source of classification or shelving scheme | Dewey Decimal Classification |
| Koha item type | Books |
| Withdrawn status | Lost status | Source of classification or shelving scheme | Damaged status | Not for loan | Collection code | Home library | Current library | Date acquired | Source of acquisition | Total Checkouts | Full call number | Barcode | Date last seen | Date last checked out | Copy number | Price effective from | Koha item type |
|---|---|---|---|---|---|---|---|---|---|---|---|---|---|---|---|---|---|
| Dewey Decimal Classification | Non-fiction | Biblioteca Pública José María del Castillo y Rada | Biblioteca Pública José María del Castillo y Rada | 10/02/2020 | Donación | 1 | 923.587 / U588h | 201810846 | 11/24/2025 | 11/24/2025 | Ej.1 | 03/15/2021 | Books |